Object oriented Programming in C++ (Record no. 1301)

MARC details
000 -LEADER
fixed length control field 00361nam a2200145Ia 4500
008 - FIXED-LENGTH DATA ELEMENTS--GENERAL INFORMATION
fixed length control field 191201s2005 xx 000 0 und d
082 ## - DEWEY DECIMAL CLASSIFICATION NUMBER
Classification number 005.133
Item number LAO
100 ## - MAIN ENTRY--PERSONAL NAME
Personal name LAFORE, Robert
245 #0 - TITLE STATEMENT
Title Object oriented Programming in C++
250 ## - EDITION STATEMENT
Edition statement 3rd
260 ## - PUBLICATION, DISTRIBUTION, ETC. (IMPRINT)
Place of publication, distribution, etc N.Delhi
Name of publisher, distributor, etc Galgotia Pub. Pvt
Date of publication, distribution, etc 2005
300 ## - PHYSICAL DESCRIPTION
Extent 925
650 ## - SUBJECT ADDED ENTRY--TOPICAL TERM
Topical term or geographic name as entry element B.Tech(CSE)
942 ## - ADDED ENTRY ELEMENTS (KOHA)
Source of classification or shelving scheme Dewey Decimal Classification
Koha item type Text Books
942 ## - ADDED ENTRY ELEMENTS (KOHA)
-- 8
Holdings
Withdrawn status Lost status Source of classification or shelving scheme Damaged status Not for loan Collection code Home library Current library Date acquired Source of acquisition Cost, normal purchase price Bill Number Total Checkouts Full call number Acc. no. / Barcode Date last seen Bill Date Koha item type Date last borrowed
    Dewey Decimal Classification     B.Tech(CSE) PIET C-LIBRARY PIET C-LIBRARY 22/08/2006 M/s UBS, Delhi 320.00 125382   005.133 LAO 1972 04/12/2019 18/08/2005 Text Books  
    Dewey Decimal Classification     B.Tech(CSE) PIET C-LIBRARY PIET C-LIBRARY 22/08/2006 M/s UBS, Delhi 320.00 125382   005.133 LAO 1973 04/12/2019 18/08/2005 Text Books  
    Dewey Decimal Classification     B.Tech(CSE) PIET C-LIBRARY PIET C-LIBRARY 22/08/2006 M/s UBS, Delhi 320.00 125382 1 005.133 LAO 1974 07/12/2021 18/08/2005 Text Books 23/11/2021
    Dewey Decimal Classification     B.Tech(CSE) PIET C-LIBRARY PIET C-LIBRARY 17/08/2006 M/s UBS, Delhi 320.00 125382 1 005.133 LAO 2401 21/12/2021 22/08/2005 Text Books 07/12/2021
    Dewey Decimal Classification     B.Tech(CSE) PIET C-LIBRARY PIET C-LIBRARY 09/05/2013 IBH, New Delhi 410.00 1021 2 005.133 LAO 21945 22/11/2021 06/05/2013 Text Books 09/11/2021
    Dewey Decimal Classification     B.Tech(CSE) PIET C-LIBRARY PIET C-LIBRARY 09/05/2013 IBH, New Delhi 410.00 1021 2 005.133 LAO 21946 26/12/2024 06/05/2013 Text Books 02/12/2024
    Dewey Decimal Classification     B.Tech(CSE) PIET C-LIBRARY PIET C-LIBRARY 09/05/2013 IBH, New Delhi 410.00 1021 5 005.133 LAO 21947 31/10/2025 06/05/2013 Text Books 08/10/2025
    Dewey Decimal Classification     B.Tech(CSE) PIET C-LIBRARY PIET C-LIBRARY 09/05/2013 IBH, New Delhi 410.00 1021 1 005.133 LAO 21948 21/09/2022 06/05/2013 Text Books 08/09/2022
    Dewey Decimal Classification     B.Tech(CSE) PIET C-LIBRARY PIET C-LIBRARY 09/05/2013 IBH, New Delhi 410.00 1021   005.133 LAO 21949 04/12/2019 06/05/2013 Text Books  

Design & Developed by: PIET Central Library
R70 Miles Stone Pattikalyana Samalkha Panipat 132102
mail ID :- [email protected], Phone No:- 0180-2569700 Ex.216